[Event "1. OEsterreichische Internet Schach Meisterschaft - Vorrunde 3"]
[Site "Online - Playchess.com"]
[Date ""]
[Round "5"]
[Board "75"]
[White "Hoelzl, Bernhard"]
[Black "Kwech, Martin"]
[Result "1-0"]
[WhiteElo "1392"]
[BlackElo "1105"]
[PlyCount "101"]
[EventDate "2020.04.17"]
[EventRounds "9"]
[EventCountry "AUT"]

1. d4 Nf6 2. Nf3 d5 3. Bf4 e6 4. e3 Bd6 5. Bg3 O-O 6. Bd3 c5 7. c3 cxd4 8. exd4 Nc6
9. Nbd2 Qc7 10. Qe2 Bd7 11. O-O Bxg3 12. hxg3 Rfe8 13. Rae1 h6 14. Ne5 Nxe5 15. dxe5
Nh7 16. f4 Qc5+ 17. Kh2 Qe7 18. Nf3 f6 19. Qc2 f5 20. g4 g5 21. g3 gxf4 22. gxf4
fxg4 23. Bxh7+ Qxh7 24. Qxh7+ Kxh7 25. Nd4 Rg8 26. Kg3 h5 27. Rh1 Kh6 28. Rh2 Rae8
29. Reh1 Kg7 30. Rxh5 Rh8 31. Rxh8 Rxh8 32. Rxh8 Kxh8 33. Kxg4 Kg7 34. Kg5 a6 35.
f5 exf5 36. Nxf5+ Kf7 37. Nd4 Be6 38. Nxe6 Kxe6 39. Kf4 b5 40. b4 Ke7 41. Ke3 Ke6
42. Kd4 Kd7 43. Kxd5 Kd8 44. Kd6 Ke8 45. e6 Kd8 46. e7+ Ke8 47. a3 a5 48. bxa5 b4
49. axb4 Kf7 50. Kd7 Kf6 51. e8=Q  1-0

[Event "1. OEsterreichische Internet Schach Meisterschaft - Vorrunde 3"]
[Site "Online - Playchess.com"]
[Date ""]
[Round "5"]
[Board "76"]
[White "Heinrici, Simon"]
[Black "Maister, Dieter"]
[Result "1/2-1/2"]
[WhiteElo "2151"]
[BlackElo "1851"]
[PlyCount "167"]
[EventDate "2020.04.17"]
[EventRounds "9"]
[EventCountry "AUT"]

1. e4 c6 2. d4 d5 3. Nc3 dxe4 4. Nxe4 Bf5 5. Ng3 Bg6 6. h4 h6 7. h5 Bh7 8. Nf3 Nf6
9. Bd3 Bxd3 10. Qxd3 Nbd7 11. Bf4 e6 12. O-O-O Be7 13. Kb1 Qb6 14. Ne4 Nxe4 15. Qxe4
Nf6 16. Qe2 O-O-O 17. Ne5 Rhf8 18. Qc4 Nd5 19. Bd2 Bd6 20. Nd3 Ne7 21. c3 Nd5 22.
g4 Be7 23. f4 Qc7 24. g5 Rg8 25. Ne5 f6 26. gxf6 Bxf6 27. Ng6 Rde8 28. Rde1 Qd6 29.
Re4 Kd7 30. Rhe1 a6 31. Qb3 b6 32. c4 Nc7 33. Bc3 b5 34. Bb4 c5 35. Bxc5 Qc6 36.
cxb5 axb5 37. Ne5+ Bxe5 38. dxe5 Nd5 39. Bd6 Ra8 40. Rc1 Qa6 41. Rd4 Rgc8 42. Rxc8
Rxc8 43. a3 Qc6 44. Rd1 Qb7 45. Qg3 Rg8 46. Qg6 Ne7 47. Bxe7+ Kxe7 48. Rd6 Qc8 49.
Qg1 Qc7 50. Qd1 Rc8 51. Qb3 Qc5 52. Qxe6+ Kf8 53. Qf5+ Kg8 54. Qd3 Qc1+ 55. Ka2 Qxf4
56. Qd5+ Kh8 57. Rd8+ Rxd8 58. Qxd8+ Kh7 59. Qd3+ Kh8 60. Qd8+ Kh7 61. Qd7 Qc4+ 62.
Ka1 Qc1+ 63. Ka2 Qc4+ 64. Kb1 Qf1+ 65. Kc2 Qe2+ 66. Qd2 Qxe5 67. Qd3+ Kg8 68. b3
Qc5+ 69. Kb2 Qxh5 70. a4 bxa4 71. bxa4 Qe5+ 72. Kb3 h5 73. Kb4 Qf4+ 74. Kb5 h4 75.
a5 Qb8+ 76. Kc6 Qc8+ 77. Kb5 h3 78. a6 Qb8+ 79. Ka5 h2 80. Qd5+ Kf8 81. Qc5+ Kg8
82. Qd5+ Kh7 83. Qh5+ Kg8 84. Qd5+  1/2-1/2

[Event "1. OEsterreichische Internet Schach Meisterschaft - Vorrunde 3"]
[Site "Online - Playchess.com"]
[Date ""]
[Round "5"]
[Board "77"]
[White "Leisenberger, Harald"]
[Black "Ardelt, Hannes"]
[Result "1-0"]
[WhiteElo "2144"]
[BlackElo "1732"]
[PlyCount "83"]
[EventDate "2020.04.17"]
[EventRounds "9"]
[EventCountry "AUT"]

1. d4 g6 2. Nf3 Bg7 3. Bg5 f6 4. Bf4 d6 5. h3 b6 6. Nbd2 Bb7 7. e4 Nd7 8. Bc4 a6
9. a4 Nf8 10. O-O e6 11. Re1 Qd7 12. Qe2 Ne7 13. e5 fxe5 14. dxe5 d5 15. Bd3 c6 16.
a5 b5 17. b4 Qc7 18. Nb3 Nd7 19. Bg5 Qd8 20. Qe3 O-O 21. Nc5 Nxc5 22. Qxc5 Rf7 23.
Nd4 Bc8 24. Nxc6 Qf8 25. Nxe7+ Kh8 26. Nc6 Qe8 27. Nd4 h6 28. Bd2 Kh7 29. Qc3 Qf8
30. Re2 Bd7 31. Qb2 Rc8 32. Rae1 Qe7 33. c3 Rcf8 34. Nb3 Qh4 35. Nc5 Rxf2 36. Nxd7
Rxe2 37. Rxe2 Rf7 38. Nf6+ Bxf6 39. exf6 Rxf6 40. Qc1 h5 41. Qe1 Qxe1+ 42. Rxe1  1-0

[Event "1. OEsterreichische Internet Schach Meisterschaft - Vorrunde 3"]
[Site "Online - Playchess.com"]
[Date ""]
[Round "5"]
[Board "78"]
[White "Pasteiner, Gernot"]
[Black "Kranz, Armin"]
[Result "1/2-1/2"]
[WhiteElo "1632"]
[BlackElo "2119"]
[PlyCount "227"]
[EventDate "2020.04.17"]
[EventRounds "9"]
[EventCountry "AUT"]

1. e4 e5 2. Nf3 Nc6 3. Bc4 Bc5 4. b4 Bxb4 5. c3 Ba5 6. d4 exd4 7. O-O d6 8. Qb3 Ne5
9. Nxe5 dxe5 10. Bxf7+ Kf8 11. Ba3+ Ne7 12. Bc4 Bb6 13. f4 dxc3+ 14. Kh1 g6 15. fxe5+
Kg7 16. Rf7+ Kh6 17. Bc1+ g5 18. Bxg5+ Kxg5 19. Qc2 Bg4 20. Qc1+ Kh5 21. Rf6 Qd1+
22. Qxd1 Bxd1 23. Nxc3 Bg4 24. h3 Bd4 25. hxg4+ Kxg4 26. Rc1 Bxe5 27. Be2+ Kg5 28.
Re6 Ng6 29. Nd5 Rhf8 30. Ne7 Bf4 31. Nxg6 hxg6 32. Rc5+ Kh6 33. Re7 Rad8 34. Rexc7
Bxc7 35. Rxc7 Rd2 36. Bf3 Rxa2 37. Kh2 b5 38. Rb7 a6 39. Rb6 Rc2 40. e5 Re8 41. Be4
Rxe5 42. Bxc2 a5 43. Rxg6+ Kh5 44. Ra6 a4 45. Rb6 a3 46. Bb3 Kg5 47. Ra6 Kf4 48.
Rxa3 b4 49. Ra4 Re4 50. Bd5 Rd4 51. Bc6 Ke3 52. g3 Rd2+ 53. Kh3 b3 54. Rb4 Rd3 55.
Bb5 Rc3 56. Kh4 Kd2 57. g4 Kc2 58. g5 b2 59. Ba4+ Kc1 60. g6 b1=Q 61. Rxb1+ Kxb1
62. g7 Rc8 63. Bb3 Rb8 64. g8=Q Rb4+ 65. Kh5 Kb2 66. Qg2+ Kxb3 67. Qf3+ Ka4 68. Qa8+
Kb3 69. Qa6 Kc3 70. Qa5 Kb3 71. Kg5 Kc4 72. Kf6 Kc3 73. Qc5+ Kb3 74. Qd5+ Ka4 75.
Ke7 Ka3 76. Qa5+ Kb3 77. Ke6 Rc4 78. Kd5 Rc3 79. Qb5+ Kc2 80. Qa4+ Kb2 81. Kd4 Rb3
82. Qa5 Rh3 83. Qd2+ Ka3 84. Kc4 Rh4+ 85. Kc3 Rh3+ 86. Kc2 Rg3 87. Qd6+ Ka4 88. Qxg3
Kb5 89. Qe5+ Kc4 90. Qe6+ Kd4 91. Qd6+ Ke4 92. Qc5 Kf4 93. Qd5 Ke3 94. Kc3 Kf4 95.
Kd4 Kg4 96. Qe5 Kf3 97. Qf5+ Kg3 98. Ke4 Kg2 99. Qg4+ Kf2 100. Qf3+ Ke1 101. Kd4
Kd2 102. Qe3+ Kd1 103. Kc4 Kc2 104. Qd3+ Kc1 105. Kb4 Kb2 106. Qc3+ Kb1 107. Kc4
Ka2 108. Qb3+ Ka1 109. Qd1+ Kb2 110. Qd2+ Ka3 111. Qc3+ Ka2 112. Qc2+ Ka1 113. Qc1+
Ka2 114. Kb4  1/2-1/2

[Event "1. OEsterreichische Internet Schach Meisterschaft - Vorrunde 3"]
[Site "Online - Playchess.com"]
[Date ""]
[Round "5"]
[Board "79"]
[White "Astner, Klaus"]
[Black "Neubauer, Anton"]
[Result "0-1"]
[WhiteElo "1409"]
[BlackElo "1879"]
[PlyCount "58"]
[EventDate "2020.04.17"]
[EventRounds "9"]
[EventCountry "AUT"]

1. d4 d5 2. c4 e6 3. Nc3 Nf6 4. Bg5 Be7 5. Nf3 O-O 6. e3 h6 7. Bxf6 Bxf6 8. cxd5
exd5 9. Be2 c6 10. O-O Bf5 11. a3 a5 12. Bd3 Bxd3 13. Qxd3 Re8 14. Rfe1 Nd7 15. b4
axb4 16. axb4 Qb6 17. Rab1 Ra3 18. h3 Rea8 19. b5 c5 20. dxc5 Nxc5 21. Qxd5 Rxc3
22. Nd4 Ra2 23. Kf1 Rd3 24. Qf5 Rdd2 25. Qc8+ Kh7 26. Qf5+ g6 27. Qg4 Rxf2+ 28. Kg1
h5 29. Qh4 Bxh4  0-1

[Event "1. OEsterreichische Internet Schach Meisterschaft - Vorrunde 3"]
[Site "Online - Playchess.com"]
[Date ""]
[Round "5"]
[Board "80"]
[White "Grosse, Manfred"]
[Black "Ussar, Reinhard"]
[Result "1-0"]
[WhiteElo "1860"]
[BlackElo "1676"]
[PlyCount "77"]
[EventDate "2020.04.17"]
[EventRounds "9"]
[EventCountry "AUT"]

1. e4 e5 2. d4 exd4 3. Qxd4 Nc6 4. Qe3 Nf6 5. Bd2 Be7 6. Nc3 d6 7. O-O-O O-O 8. h3
Be6 9. f4 Re8 10. Nf3 Bf8 11. Ng5 Bc8 12. Bc4 d5 13. Nxd5 Nxd5 14. Bxd5 Qxd5 15.
exd5 Rxe3 16. Bxe3 Nb4 17. a3 a5 18. axb4 axb4 19. Kb1 Bf5 20. g4 Bd7 21. b3 c5 22.
Ne4 c4 23. Bc5 c3 24. Bxf8 Kxf8 25. Nc5 Bb5 26. Rhe1 g6 27. d6 b6 28. Nd3 Bd7 29.
Nxb4 h5 30. gxh5 Bxh3 31. hxg6 fxg6 32. d7 Bg4 33. Rd3 Rd8 34. Re8+ Rxe8 35. dxe8=Q+
Kxe8 36. Rxc3 Kd7 37. Rc6 Bf5 38. Rxb6 Kc7 39. Rf6  1-0

[Event "1. OEsterreichische Internet Schach Meisterschaft - Vorrunde 3"]
[Site "Online - Playchess.com"]
[Date ""]
[Round "5"]
[Board "81"]
[White "Staudacher, Karl-Heinz"]
[Black "Redhammer, Markus"]
[Result "0-1"]
[WhiteElo "1734"]
[BlackElo "1911"]
[PlyCount "47"]
[EventDate "2020.04.17"]
[EventRounds "9"]
[EventCountry "AUT"]

1. e4 d6 2. Nf3 g6 3. d3 Bg7 4. Nbd2 Nf6 5. g3 e5 6. Bg2 O-O 7. O-O Nc6 8. c3 Bd7
9. Re1 Qc8 10. Nf1 Bh3 11. Bh1 Ne8 12. Ng5 Bd7 13. h4 h6 14. Nf3 h5 15. N1h2 Nf6
16. Bg5 Ng4 17. Qb3 Be6 18. c4 Nxh2 19. Nxh2 Nd4 20. Qc3 Kh7 21. Be3 Nc6 22. f4 exf4
23. Bxf4 Bxc3 24. bxc3  0-1

[Event "1. OEsterreichische Internet Schach Meisterschaft - Vorrunde 3"]
[Site "Online - Playchess.com"]
[Date ""]
[Round "5"]
[Board "82"]
[White "Ploeckinger, Paul"]
[Black "Rotter, Harald"]
[Result "1-0"]
[WhiteElo "1334"]
[BlackElo "1854"]
[PlyCount "75"]
[EventDate "2020.04.17"]
[EventRounds "9"]
[EventCountry "AUT"]

1. c4 e6 2. Nc3 b6 3. g3 Bb7 4. Nf3 d6 5. Bg2 Nd7 6. O-O g6 7. b3 Bg7 8. Bb2 Ne7
9. Rb1 a6 10. e3 h6 11. d4 O-O 12. d5 e5 13. Qc2 Bc8 14. Nd2 f5 15. f4 e4 16. Ne2
Nf6 17. h3 Bd7 18. Nd4 c5 19. Ne6 Bxe6 20. dxe6 Qc8 21. Rfd1 Qxe6 22. Nf1 Rad8 23.
Rd2 d5 24. cxd5 Nexd5 25. Rbd1 Nb4 26. Qb1 Nd3 27. Nh2 Nd5 28. Bxg7 Kxg7 29. Bf1
Kh7 30. Bxd3 exd3 31. Rxd3 Qe4 32. Kf2 Rf7 33. Nf1 Rfd7 34. Qc1 Nxe3 35. Rxd7+ Rxd7
36. Rxd7+ Kg8 37. Qxe3 Qc2+ 38. Rd2  1-0

[Event "1. OEsterreichische Internet Schach Meisterschaft - Vorrunde 3"]
[Site "Online - Playchess.com"]
[Date ""]
[Round "5"]
[Board "83"]
[White "Hofer, Martin"]
[Black "Krassnitzer, Julia"]
[Result "0-1"]
[WhiteElo "1603"]
[BlackElo "1803"]
[PlyCount "42"]
[EventDate "2020.04.17"]
[EventRounds "9"]
[EventCountry "AUT"]

1. e4 e5 2. Nf3 Nc6 3. d4 exd4 4. Bc4 Nf6 5. O-O Nxe4 6. Re1 d5 7. Bxd5 Qxd5 8. Nc3
Qd8 9. Nxe4 Be7 10. Bg5 O-O 11. Bxe7 Nxe7 12. Nxd4 Ng6 13. c3 h6 14. Re3 b6 15. Rg3
Bb7 16. Qf3 Re8 17. Nf6+ Qxf6 18. Qxb7 c5 19. Nf3 Nf4 20. Kf1 Qe6 21. Re1 Qc4+  0-1

[Event "1. OEsterreichische Internet Schach Meisterschaft - Vorrunde 3"]
[Site "Online - Playchess.com"]
[Date ""]
[Round "5"]
[Board "84"]
[White "Galler, Alexander"]
[Black "Kanzian, Heinz"]
[Result "0-1"]
[WhiteElo "1772"]
[BlackElo "1642"]
[PlyCount "108"]
[EventDate "2020.04.17"]
[EventRounds "9"]
[EventCountry "AUT"]

1. e4 e5 2. Nf3 d6 3. d4 exd4 4. Nxd4 Be7 5. Bd3 Bf6 6. c3 Ne7 7. O-O O-O 8. Be3
Nbc6 9. Nf3 Ng6 10. Nbd2 Nce5 11. Nxe5 Nxe5 12. Bc2 Bg4 13. f3 Bd7 14. Qe1 Bb5 15.
Rf2 Bd3 16. Qb1 Bxc2 17. Qxc2 Nc6 18. Rd1 Bg5 19. Bxg5 Qxg5 20. f4 Qh5 21. Nf3 f5
22. Qb3+ Kh8 23. Re1 fxe4 24. Rxe4 Rae8 25. Rxe8 Rxe8 26. h3 Qf5 27. Qxb7 Qc5 28.
Qb3 Re2 29. Nd4 Re1+ 30. Kh2 h6 31. Re2 Rxe2 32. Nxe2 Qe3 33. Ng3 Qxf4 34. Qd5 Ne5
35. Qa8+ Kh7 36. Qe4+ Qxe4 37. Nxe4 Kg6 38. Kg3 Nd3 39. b4 Kf5 40. Nd2 Nc1 41. a4
Ne2+ 42. Kf3 Nxc3 43. Nc4 Nxa4 44. g4+ Ke6 45. Kf4 Nb6 46. Na5 Nd5+ 47. Ke4 Nxb4
48. Nb3 d5+ 49. Kd4 Kd6 50. h4 c5+ 51. Nxc5 Nc2+ 52. Kc3 Kxc5 53. Kd2 Nd4 54. Kd3
a5  0-1

[Event "1. OEsterreichische Internet Schach Meisterschaft - Vorrunde 3"]
[Site "Online - Playchess.com"]
[Date ""]
[Round "5"]
[Board "87"]
[White "Dilly, Julian"]
[Black "Haemmerle, Dietmar"]
[Result "1-0"]
[WhiteElo "1502"]
[BlackElo "1762"]
[PlyCount "93"]
[EventDate "2020.04.17"]
[EventRounds "9"]
[EventCountry "AUT"]

1. Nf3 d5 2. b3 Nf6 3. Bb2 e6 4. g3 Be7 5. d3 O-O 6. Bg2 h6 7. O-O c5 8. Nbd2 Nc6
9. c4 d4 10. Ne1 Bd7 11. Ne4 Nxe4 12. Bxe4 Rc8 13. e3 e5 14. a3 Bh3 15. Ng2 f5 16.
Bf3 Bg5 17. exd4 exd4 18. Bd5+ Kh8 19. Qh5 Bg4 20. Qg6 Rf6 21. Qxf6 Bxf6 22. f3 Bh5
23. Nf4 Be8 24. Rae1 Qc7 25. Ne6 Qd7 26. Nxc5 Qc7 27. Ne6 Qb8 28. Nf4 g5 29. Ne6
Bf7 30. g4 Bxe6 31. Rxe6 Bg7 32. gxf5 Qf4 33. Be4 Ne5 34. Bc1 Nxf3+ 35. Rxf3 Qxc1+
36. Rf1 Qxa3 37. f6 Bf8 38. f7 Qc5 39. Re8 Kg7 40. b4 Qc6 41. Bxc6 bxc6 42. Rxc8
Bxb4 43. Rxc6 a5 44. Ra6 Bd2 45. Rxa5 Bxa5 46. f8=Q+ Kg6 47. Qf7#  1-0

[Event "1. OEsterreichische Internet Schach Meisterschaft - Vorrunde 3"]
[Site "Online - Playchess.com"]
[Date ""]
[Round "5"]
[Board "88"]
[White "Kipman, Felix"]
[Black "Pedevilla, Luis"]
[Result "0-1"]
[WhiteElo "1576"]
[BlackElo "1650"]
[PlyCount "50"]
[EventDate "2020.04.17"]
[EventRounds "9"]
[EventCountry "AUT"]

1. e4 c5 2. Nc3 Nc6 3. f4 g6 4. Nf3 Bg7 5. Bb5 e6 6. d3 Nge7 7. a4 O-O 8. O-O a6
9. Bc4 d5 10. exd5 exd5 11. Ba2 Be6 12. Bd2 Nb4 13. Ne5 Nxa2 14. Nxa2 Rb8 15. Nc3
Qc7 16. Qe2 Nf5 17. Nf3 Bh6 18. g3 Bg7 19. Ng5 Nd4 20. Qd1 Qd7 21. Re1 Bg4 22. Qc1
h6 23. h3 hxg5 24. hxg4 Qxg4 25. Re3 gxf4  0-1

[Event "1. OEsterreichische Internet Schach Meisterschaft - Vorrunde 3"]
[Site "Online - Playchess.com"]
[Date ""]
[Round "5"]
[Board "91"]
[White "Jeitler, Selina"]
[Black "Lager, Johannes"]
[Result "0-1"]
[WhiteElo "1201"]
[BlackElo "1611"]
[PlyCount "76"]
[EventDate "2020.04.17"]
[EventRounds "9"]
[EventCountry "AUT"]

1. e4 c5 2. Nf3 d6 3. d4 cxd4 4. Nxd4 Nf6 5. Nc3 a6 6. Be3 e6 7. f4 Be7 8. Bd3 O-O
9. Qf3 Nc6 10. O-O Bd7 11. Qh3 e5 12. Nf5 Kh8 13. Qg3 Bxf5 14. exf5 Nh5 15. Qg4 exf4
16. Bxf4 Nxf4 17. Rxf4 Bf6 18. Qh3 Ne5 19. Nd5 Nxd3 20. cxd3 Bxb2 21. Rb1 Be5 22.
Rh4 h6 23. Rxb7 Qc8 24. Rc7 Qb8 25. Rc1 Qb5 26. Qf3 Rac8 27. Rxc8 Rxc8 28. f6 Rc1+
29. Kf2 Qc5+ 30. Ne3 Bxf6 31. Qa8+ Kh7 32. Qxa6 Bd4 33. Re4 Rc2+ 34. Kf3 Qf5+ 35.
Rf4 Qh5+ 36. g4 Qh3+ 37. Ke4 Qxe3+ 38. Kd5 Qe5#  0-1

[Event "1. OEsterreichische Internet Schach Meisterschaft - Vorrunde 3"]
[Site "Online - Playchess.com"]
[Date ""]
[Round "5"]
[Board "92"]
[White "Andreatta, Ralph"]
[Black "Kaltenbeck, Dieter"]
[Result "1-0"]
[WhiteElo "1623"]
[BlackElo "1314"]
[PlyCount "79"]
[EventDate "2020.04.17"]
[EventRounds "9"]
[EventCountry "AUT"]

1. d4 Nf6 2. c4 e6 3. e3 c5 4. Nf3 g6 5. Be2 Na6 6. Nc3 cxd4 7. Nxd4 Bg7 8. b3 Nc7
9. Bb2 O-O 10. O-O Re8 11. Nf3 d5 12. cxd5 exd5 13. Nb5 Nxb5 14. Bxb5 Bd7 15. Be2
Bc6 16. Bd4 b6 17. Rc1 Rc8 18. Ne5 Qd6 19. Ba6 Rc7 20. Nf3 Rce7 21. Qc2 Bd7 22. h3
Bf5 23. Qd2 Qd7 24. Qe2 Bxh3 25. Bb5 Qg4 26. g3 Bxf1 27. Kxf1 Rd8 28. Ne5 Qh3+ 29.
Ke1 Ne4 30. Nc6 Qh1+ 31. Qf1 Qxf1+ 32. Kxf1 Bxd4 33. Nxd8 Bf6 34. Nc6 Re8 35. Ke2
Re5 36. Nxe5 Bxe5 37. f3 Nxg3+ 38. Kf2 Nf5 39. f4 Bb8 40. Rc8+  1-0

[Event "1. OEsterreichische Internet Schach Meisterschaft - Vorrunde 3"]
[Site "Online - Playchess.com"]
[Date ""]
[Round "5"]
[Board "93"]
[White "Schwabeneder, Alois"]
[Black "Tolstykh, Makarius"]
[Result "1-0"]
[WhiteElo "2004"]
[BlackElo "1061"]
[PlyCount "49"]
[EventDate "2020.04.17"]
[EventRounds "9"]
[EventCountry "AUT"]

1. e4 c6 2. d4 d5 3. Nc3 dxe4 4. Nxe4 Bf5 5. Ng3 Bg6 6. h4 h6 7. Nf3 Nf6 8. Bd3 Bxd3
9. Qxd3 Nbd7 10. Bd2 Qc7 11. O-O-O O-O-O 12. c4 e6 13. Kb1 Kb8 14. Rhe1 c5 15. Ne4
Nxe4 16. Qxe4 cxd4 17. Bf4 e5 18. Nxe5 Ka8 19. Nxf7 Qb6 20. Nxd8 Qxd8 21. Rxd4 Bc5
22. Rd5 Bb4 23. Red1 Nf6 24. Rxd8+ Rxd8 25. Rxd8#  1-0

[Event "1. OEsterreichische Internet Schach Meisterschaft - Vorrunde 3"]
[Site "Online - Playchess.com"]
[Date ""]
[Round "5"]
[Board "94"]
[White "Friedl, Markus"]
[Black "Janes, Christian"]
[Result "1-0"]
[WhiteElo "1824"]
[BlackElo "1726"]
[PlyCount "73"]
[EventDate "2020.04.17"]
[EventRounds "9"]
[EventCountry "AUT"]

1. e4 e5 2. Nf3 Nc6 3. Bc4 Be7 4. d3 Nf6 5. O-O O-O 6. Bg5 Re8 7. Nc3 h6 8. Bh4 a6
9. a3 Na5 10. Ba2 b5 11. b4 Nb7 12. h3 d6 13. Nd2 c5 14. Bxf6 Bxf6 15. Nd5 Be6 16.
f4 exf4 17. Rxf4 Be5 18. Rf1 Bxa1 19. Qxa1 Bxd5 20. Bxd5 Rb8 21. Bxf7+ Kh7 22. Bxe8
Qxe8 23. Qa2 Qe5 24. Qf7 cxb4 25. axb4 a5 26. bxa5 Nxa5 27. Nf3 Qc3 28. Nh4 Qxc2
29. Qg6+ Kg8 30. Nf5 Rb7 31. Nxh6+ Kh8 32. Nf5 Qc5+ 33. Kh1 Qc8 34. Nxd6 Qd8 35.
Nxb7 Nxb7 36. e5 b4 37. Rf7  1-0

[Event "1. OEsterreichische Internet Schach Meisterschaft - Vorrunde 3"]
[Site "Online - Playchess.com"]
[Date ""]
[Round "5"]
[Board "95"]
[White "Kellner, Nikolaus"]
[Black "Heinemann, Stephan"]
[Result "0-1"]
[WhiteElo "1685"]
[BlackElo "1664"]
[PlyCount "52"]
[EventDate "2020.04.17"]
[EventRounds "9"]
[EventCountry "AUT"]

1. g4 e5 2. c4 Nc6 3. Nc3 Bb4 4. d3 Nge7 5. Bd2 d5 6. Nxd5 Nxd5 7. cxd5 Qxd5 8. Nf3
Bxd2+ 9. Qxd2 Be6 10. h3 O-O-O 11. Bg2 Qd6 12. Ng5 Nd4 13. e3 h6 14. Nxe6 Nxe6 15.
Be4 g6 16. O-O-O Nc5 17. Kb1 Nxe4 18. Qc2 Nc5 19. d4 exd4 20. exd4 Na6 21. Rhe1 Rhe8
22. Rf1 Qd5 23. f4 Nb4 24. Qa4 Na6 25. Rc1 Qxd4 26. Rc4 Qd3+  0-1

[Event "1. OEsterreichische Internet Schach Meisterschaft - Vorrunde 3"]
[Site "Online - Playchess.com"]
[Date ""]
[Round "5"]
[Board "96"]
[White "Pristernik, Arnold"]
[Black "Kosc, Renata"]
[Result "1-0"]
[WhiteElo "1551"]
[BlackElo "1988"]
[PlyCount "23"]
[EventDate "2020.04.17"]
[EventRounds "9"]
[EventCountry "AUT"]

1. d4 f5 2. Nf3 Nf6 3. c3 g6 4. Bg5 Bg7 5. Nbd2 d5 6. e3 Nbd7 7. Bd3 h6 8. Bxf6 Nxf6
9. Ne5 g5 10. h3 Ne4 11. Qh5+ Kf8 12. Qf7#  1-0

[Event "1. OEsterreichische Internet Schach Meisterschaft - Vorrunde 3"]
[Site "Online - Playchess.com"]
[Date ""]
[Round "5"]
[Board "97"]
[White "Ticar, Clemens"]
[Black "Moerwald, Miriam"]
[Result "0-1"]
[WhiteElo "1753"]
[BlackElo "1760"]
[PlyCount "66"]
[EventDate "2020.04.17"]
[EventRounds "9"]
[EventCountry "AUT"]

1. d4 d5 2. e4 e6 3. e5 c5 4. f4 cxd4 5. Nf3 Nc6 6. Nxd4 Nge7 7. Be3 Nxd4 8. Bxd4
Nc6 9. Bb5 Qc7 10. O-O a6 11. Bxc6+ Qxc6 12. Nd2 Bd7 13. Rc1 Rc8 14. c4 Bc5 15. Bxc5
Qxc5+ 16. Kh1 O-O 17. cxd5 Qxd5 18. Nf3 Qb5 19. Ng5 Rfd8 20. Qh5 h6 21. Qxf7+ Kh8
22. Ne4 Bc6 23. Nd6 Rf8 24. Nxb5 Rxf7 25. Nd6 Rxf4 26. Nxc8 Rg4 27. Rxc6 bxc6 28.
Ne7 Rb4 29. Ng6+ Kh7 30. Nf8+ Kg8 31. Nxe6 Rxb2 32. Rf8+ Kh7 33. Rc8 Rb1#  0-1

[Event "1. OEsterreichische Internet Schach Meisterschaft - Vorrunde 3"]
[Site "Online - Playchess.com"]
[Date ""]
[Round "5"]
[Board "98"]
[White "Studener, Simon"]
[Black "Mittelbach, Eduard"]
[Result "1-0"]
[WhiteElo "1678"]
[BlackElo "1667"]
[PlyCount "69"]
[EventDate "2020.04.17"]
[EventRounds "9"]
[EventCountry "AUT"]

1. e4 d5 2. exd5 Nf6 3. Nc3 Nxd5 4. Nxd5 Qxd5 5. Qf3 e6 6. Qxd5 exd5 7. d4 Bf5 8.
Bb5+ Nd7 9. Ba4 O-O-O 10. Bf4 Bb4+ 11. c3 Rhe8+ 12. Be3 Ba5 13. O-O-O c6 14. Nf3
Nb6 15. Bb3 Kb8 16. Rde1 h6 17. Ne5 f6 18. Nf3 Bd3 19. Nd2 Nc4 20. Nxc4 dxc4 21.
Bc2 Bxc2 22. Kxc2 b5 23. Re2 b4 24. Rhe1 bxc3 25. Bf4+ Kb7 26. Rxe8 Rxe8 27. Rxe8
g5 28. Rb8+ Ka6 29. Be3 cxb2 30. Kxb2 c3+ 31. Kc2 Bb6 32. Kxc3 Kb5 33. d5 cxd5 34.
Bxb6 axb6 35. Kd4  1-0

[Event "1. OEsterreichische Internet Schach Meisterschaft - Vorrunde 3"]
[Site "Online - Playchess.com"]
[Date ""]
[Round "5"]
[Board "99"]
[White "Thummer, Philipp"]
[Black "Korndon, Hannes"]
[Result "1-0"]
[WhiteElo "1207"]
[BlackElo "914"]
[PlyCount "105"]
[EventDate "2020.04.17"]
[EventRounds "9"]
[EventCountry "AUT"]

1. e4 e5 2. Nf3 Nc6 3. Bc4 Bc5 4. O-O Nf6 5. d3 O-O 6. Bg5 h6 7. Bxf6 Qxf6 8. c3
d6 9. h3 Be6 10. Nbd2 Rfe8 11. Bb3 Rad8 12. Qe2 a6 13. Rad1 a5 14. a4 Bxb3 15. Nxb3
Bb6 16. Nh2 Qg6 17. Qg4 Qf6 18. Qf3 Qxf3 19. Nxf3 Re6 20. g3 d5 21. Kg2 Ne7 22. Nfd2
Ng6 23. exd5 Rxd5 24. Nc4 Ne7 25. Rfe1 Nc6 26. Ne3 Rdd6 27. Nf5 Rd5 28. c4 Rd7 29.
c5 Ba7 30. Re4 Rde7 31. Nxe7+ Rxe7 32. Rde1 Nb4 33. d4 Nd3 34. R1e2 Nxc5 35. Nxc5
Bxc5 36. dxc5 b6 37. cxb6 cxb6 38. Rxe5 Rxe5 39. Rxe5 Kf8 40. Rb5 g5 41. Rxb6 Kg7
42. Rb5 f6 43. Rxa5 Kg6 44. Rc5 f5 45. a5 h5 46. a6 f4 47. gxf4 gxf4 48. a7 f3+ 49.
Kxf3 h4 50. a8=Q Kf6 51. Qa6+ Ke7 52. Rc7+ Kd8 53. Qc8#  1-0

[Event "1. OEsterreichische Internet Schach Meisterschaft - Vorrunde 3"]
[Site "Online - Playchess.com"]
[Date ""]
[Round "6"]
[Board "1"]
[White "Froewis, Georg"]
[Black "Schweda, Roland"]
[Result "1-0"]
[WhiteElo "2457"]
[BlackElo "2449"]
[PlyCount "63"]
[EventDate "2020.04.17"]
[EventRounds "9"]
[EventCountry "AUT"]

1. Nf3 Nf6 2. c4 d6 3. d4 Nbd7 4. Nc3 e5 5. e3 Be7 6. Qc2 O-O 7. b3 c6 8. Bb2 Re8
9. Be2 Bf8 10. Rg1 e4 11. Nd2 Qe7 12. g4 d5 13. g5 Qd6 14. gxf6 Qxh2 15. O-O-O Nxf6
16. Rdf1 Be6 17. Rh1 Qd6 18. Kb1 Rec8 19. f3 c5 20. dxc5 Qxc5 21. fxe4 dxc4 22. e5
cxb3 23. Nxb3 Qxe3 24. exf6 g6 25. Qd2 Qb6 26. Bd3 Rd8 27. Rxh7 Rxd3 28. Qh2 Rh3
29. Rxh3 Bxh3 30. Qxh3 Bb4 31. Nd5 Qd6 32. Rh1  1-0

[Event "1. OEsterreichische Internet Schach Meisterschaft - Vorrunde 3"]
[Site "Online - Playchess.com"]
[Date ""]
[Round "6"]
[Board "2"]
[White "Ragger, Markus"]
[Black "Belke, Frank"]
[Result "1/2-1/2"]
[WhiteElo "2679"]
[BlackElo "2273"]
[PlyCount "90"]
[EventDate "2020.04.17"]
[EventRounds "9"]
[EventCountry "AUT"]

1. e4 e6 2. d4 d5 3. exd5 exd5 4. Nf3 Nc6 5. Bb5 Bd6 6. c4 dxc4 7. d5 a6 8. Ba4 b5
9. dxc6 bxa4 10. O-O Ne7 11. Qxa4 Be6 12. Nbd2 O-O 13. Nxc4 Bd5 14. Nxd6 Qxd6 15.
Bf4 Qxc6 16. Qxc6 Bxc6 17. Rfc1 Bxf3 18. gxf3 Nd5 19. Bxc7 Rfc8 20. Be5 f6 21. Bd4
Kf7 22. Kf1 Ke6 23. b3 Kf5 24. Be3 g5 25. a3 h5 26. b4 g4 27. fxg4+ hxg4 28. Kg2
Nxe3+ 29. fxe3 Ke4 30. Rf1 Rc2+ 31. Kg3 Rh8 32. Rf4+ Ke5 33. Raf1 Rhxh2 34. Rxg4
Rhg2+ 35. Kf3 Rxg4 36. Kxg4 Rc3 37. Rf5+ Ke4 38. Rxf6 Rxa3 39. Re6+ Kd5 40. Kf5 Kc4
41. Re4+ Kb5 42. Kf4 Rb3 43. Kf5 Ra3 44. Kf4 Rb3 45. Kf5 Ra3  1/2-1/2

[Event "1. OEsterreichische Internet Schach Meisterschaft - Vorrunde 3"]
[Site "Online - Playchess.com"]
[Date ""]
[Round "6"]
[Board "3"]
[White "Freitag, Manfred"]
[Black "Morgunov, Marc"]
[Result "1-0"]
[WhiteElo "2356"]
[BlackElo "2341"]
[PlyCount "51"]
[EventDate "2020.04.17"]
[EventRounds "9"]
[EventCountry "AUT"]

1. e4 c5 2. Nf3 d6 3. d4 cxd4 4. Qxd4 a6 5. Be3 Nc6 6. Qd2 Nf6 7. Nc3 g6 8. h3 Bg7
9. Bd3 O-O 10. O-O b5 11. a3 Bb7 12. Rfe1 Rc8 13. Rad1 Nd7 14. Bh6 Nc5 15. Bxg7 Kxg7
16. b4 Nd7 17. a4 Nxb4 18. axb5 Nxd3 19. cxd3 axb5 20. Nxb5 Ba6 21. Ra1 Nc5 22. Na7
Rc7 23. d4 Nb3 24. Qb2 Nxa1 25. Nc6 Qa8 26. d5+  1-0